[Event "Mecklenburg VP LL 1617"]
[Site "Mecklenburg VP"]
[Date "2017.04.02"]
[Round "8.2"]
[White "Naujok, Joerg"]
[Black "Schumacher, Dirk"]
[Result "1/2-1/2"]
[WhiteElo "1979"]
[BlackElo "1971"]
[PlyCount "52"]
[EventDate "2016.10.16"]
[EventType "team-tourn"]
[EventRounds "9"]
[EventCountry "GER"]
[SourceTitle "EXT 2022"]
[Source "ChessBase"]
[SourceDate "2021.10.06"]
[SourceVersion "1"]
[SourceVersionDate "2021.10.06"]
[SourceQuality "1"]
[WhiteTeam "Grevesmuehlen Blau Weiss"]
[BlackTeam "Warnemuende SF Ostsee"]
[WhiteTeamCountry "GER"]
[BlackTeamCountry "GER"]

1. e4 c5 2. d3 d5 3. Nd2 Nc6 4. g3 Nf6 5. Bg2 g6 6. Ngf3 dxe4 7. dxe4 Be6 8. 0-0 Bh6 9. e5 Nd7 10. Ne4 Bxc1 11. Qxc1 Bg4 12. Qe3 Bxf3 13. Bxf3 Ncxe5 14. Bg2 Qb6 15. Rfe1 0-0 16. Nxc5 Nxc5 17. Qxe5 Rad8 18. Rad1 Ne6 19. b3 Rxd1 20. Rxd1 Rc8 21. c4 Qc7 22. Qe3 b6 23. Bh3 Rd8 24. Rxd8+ Nxd8 25. Qd2 Nc6 26. Bg2 e5 1/2-1/2

[Event "Mecklenburg VP LL 1617"]
[Site "Mecklenburg VP"]
[Date "2017.01.07"]
[Round "4.2"]
[White "Zentgraf, Robert"]
[Black "Naujok, Joerg"]
[Result "1-0"]
[WhiteElo "2099"]
[BlackElo "1979"]
[PlyCount "77"]
[EventDate "2016.10.16"]
[EventType "team-tourn"]
[EventRounds "9"]
[EventCountry "GER"]
[SourceTitle "EXT 2022"]
[Source "ChessBase"]
[SourceDate "2021.10.06"]
[SourceVersion "1"]
[SourceVersionDate "2021.10.06"]
[SourceQuality "1"]
[WhiteTeam "Torgelow Droegeheide"]
[BlackTeam "Grevesmuehlen Blau Weiss"]
[WhiteTeamCountry "GER"]
[BlackTeamCountry "GER"]

1. e4 d6 2. d4 Nf6 3. Nc3 g6 4. Nf3 Bg7 5. Be2 0-0 6. 0-0 c6 7. h3 Qc7 8. Bf4 Nh5 9. Bh2 e5 10. Qd2 Be6 11. Rad1 Na6 12. dxe5 dxe5 13. Bxa6 bxa6 14. Qd6 Qb6 15. Na4 Qb5 16. b3 Rae8 17. Qc5 Nf4 18. c4 Qb7 19. Rd6 f5 20. Bxf4 exf4 21. e5 h6 22. Qxc6 Qxc6 23. Rxc6 g5 24. Re1 g4 25. Nh4 gxh3 26. gxh3 Bd7 27. Rxa6 Bxe5 28. Ng6 Bb8 29. Rd1 Bc8 30. Nxf8 Bxa6 31. Nd7 Kf7 32. Nxb8 Rxb8 33. Rd7+ Kg8 34. Nc5 Bc8 35. Rxa7 f3 36. Kh2 f4 37. Nd3 Bf5 38. Nxf4 Rd8 39. Kg3 1-0

[Event "Mecklenburg VP VL 1516"]
[Site "Mecklenburg VP"]
[Date "2015.10.11"]
[Round "2.3"]
[White "Naujok, Joerg"]
[Black "Kutschke, Peter"]
[Result "1/2-1/2"]
[WhiteElo "1953"]
[BlackElo "2000"]
[PlyCount "77"]
[EventDate "2015.09.20"]
[EventType "team-tourn"]
[EventRounds "9"]
[EventCountry "GER"]
[SourceTitle "EXT 2022"]
[Source "ChessBase"]
[SourceDate "2021.10.06"]
[SourceVersion "1"]
[SourceVersionDate "2021.10.06"]
[SourceQuality "1"]
[WhiteTeam "Grevesmuehlen Blau Weiss"]
[BlackTeam "Schwerin SF III"]
[WhiteTeamCountry "GER"]
[BlackTeamCountry "GER"]

1. Nf3 d5 2. g3 Bf5 3. Bg2 c6 4. d3 h6 5. Nbd2 Nf6 6. 0-0 Nbd7 7. Re1 e5 8. e4 dxe4 9. dxe4 Be6 10. Qe2 Bc5 11. h3 Qb6 12. c3 a5 13. Nf1 g6 14. Nh4 Qc7 15. Be3 Bxe3 16. Qxe3 Qb6 17. f4 0-0-0 18. f5 gxf5 19. Qxb6 Nxb6 20. exf5 Bc4 21. Rxe5 Bxf1 22. Rxf1 Rhg8 23. Rxa5 Rxg3 24. Kh2 Rgd3 25. Nf3 Rg8 26. Rf2 Ne4 27. Re2 Ng3 28. Ne5 Rd1 29. Rf2 Kc7 30. Ng4 h5 31. Kxg3 hxg4 32. hxg4 Nc4 33. Ra4 Ne3 34. Re4 Rd3 35. Kh4 f6 36. Bf3 Nd1 37. Rf1 Ne3 38. Rf2 Nd1 39. Rf1 1/2-1/2

[Event "Mecklenburg VP VL 1516"]
[Site "Mecklenburg VP"]
[Date "2015.09.21"]
[Round "1.3"]
[White "Luther, Alexander"]
[Black "Naujok, Joerg"]
[Result "0-1"]
[WhiteElo "1961"]
[BlackElo "1953"]
[PlyCount "78"]
[EventDate "2015.09.20"]
[EventType "team-tourn"]
[EventRounds "9"]
[EventCountry "GER"]
[SourceTitle "EXT 2022"]
[Source "ChessBase"]
[SourceDate "2021.10.06"]
[SourceVersion "1"]
[SourceVersionDate "2021.10.06"]
[SourceQuality "1"]
[WhiteTeam "Guestrow/Teterow"]
[BlackTeam "Grevesmuehlen Blau Weiss"]
[WhiteTeamCountry "GER"]
[BlackTeamCountry "GER"]

1. e4 d6 2. d4 Nf6 3. Bd3 g6 4. Bg5 Bg7 5. Qd2 h6 6. Bf4 Nh5 7. Be3 e5 8. Ne2 Nc6 9. d5 Ne7 10. Nbc3 f5 11. f3 f4 12. Bf2 0-0 13. 0-0-0 g5 14. g3 fxg3 15. hxg3 Nf6 16. Rdg1 Ng6 17. Nd1 c5 18. Ne3 a6 19. f4 b5 20. c4 bxc4 21. Nxc4 Ng4 22. Be3 Nxe3 23. Nxe3 exf4 24. gxf4 Nxf4 25. Nf5 Nxd3+ 26. Qxd3 Bxf5 27. exf5 Qf6 28. Rf1 Qxb2+ 29. Kd1 Qa1+ 30. Nc1 Rae8 31. Rh3 c4 32. Qd2 Qe5 33. Rhf3 g4 34. Rf4 h5 35. Rxc4 Rxf5 36. Rxf5 Qxf5 37. Rf4 Qe5 38. Rf2 Bh6 39. Qc2 Qe1# 0-1

[Event "Mecklenburg VP VL 1415"]
[Site "Mecklenburg VP"]
[Date "2015.02.22"]
[Round "6.3"]
[White "Zentgraf, Robert"]
[Black "Naujok, Joerg"]
[Result "1-0"]
[WhiteElo "2115"]
[BlackElo "1958"]
[PlyCount "83"]
[EventDate "2014.09.21"]
[EventType "team-tourn"]
[EventRounds "9"]
[EventCountry "GER"]
[SourceTitle "EXT 2022"]
[Source "ChessBase"]
[SourceDate "2021.10.06"]
[SourceVersion "1"]
[SourceVersionDate "2021.10.06"]
[SourceQuality "1"]
[WhiteTeam "Torgelow Droegeheide"]
[BlackTeam "Grevesmuehlen Blau Weiss"]
[WhiteTeamCountry "GER"]
[BlackTeamCountry "GER"]

1. d4 Nf6 2. Nf3 g6 3. c4 Bg7 4. Nc3 d6 5. Bf4 0-0 6. e3 Nbd7 7. Be2 Re8 8. 0-0 Nh5 9. Bg5 h6 10. Bh4 Nhf6 11. h3 e5 12. Bg3 e4 13. Nd2 Nf8 14. b4 Bf5 15. c5 d5 16. b5 g5 17. Qb3 h5 18. Be5 N8d7 19. Bh2 c6 20. bxc6 bxc6 21. Ba6 Re6 22. Bb7 Rb8 23. Rab1 h4 24. Qa4 g4 25. Qxa7 gxh3 26. Bxb8 hxg2 27. Kxg2 Nxb8 28. Rh1 h3+ 29. Kf1 Nfd7 30. Ne2 Qh4 31. Ng3 Bg4 32. Bc8 Bxd4 33. Rxb8 Rf6 34. Bxd7+ Kg7 35. Bf5 Be5 36. Qa8 Bxb8 37. Qxb8 h2 38. Bxg4 Qxg4 39. Rxh2 Qd1+ 40. Kg2 Rxf2+ 41. Kxf2 Qxd2+ 42. Ne2 1-0

[Event "Mecklenburg VP VL 1213"]
[Site "Mecklenburg VP"]
[Date "2013.04.28"]
[Round "9.6"]
[White "Schroeder, Christian"]
[Black "Naujok, Joerg"]
[Result "1/2-1/2"]
[WhiteElo "1884"]
[BlackElo "1924"]
[PlyCount "102"]
[EventDate "2012.10.14"]
[EventType "team-tourn"]
[EventRounds "9"]
[EventCountry "GER"]
[SourceTitle "EXT 2022"]
[Source "ChessBase"]
[SourceDate "2021.10.06"]
[SourceVersion "1"]
[SourceVersionDate "2021.10.06"]
[SourceQuality "1"]
[WhiteTeam "Rostock HSG Uni"]
[BlackTeam "Grevesmuehlen Blau Weiss"]
[WhiteTeamCountry "GER"]
[BlackTeamCountry "GER"]

1. c4 g6 2. d4 Bg7 3. Nc3 d6 4. e4 Nd7 5. Be3 a6 6. Be2 c5 7. Nf3 Qa5 8. 0-0 Ngf6 9. h3 0-0 10. d5 b5 11. Nd2 b4 12. Na4 Ne8 13. f4 f5 14. exf5 gxf5 15. g4 Ndf6 16. g5 Ne4 17. Nxe4 fxe4 18. Bg4 Rf5 19. Qc2 Bd7 20. Qxe4 Qxa4 21. Bxf5 Bxf5 22. Qxf5 Bxb2 23. g6 hxg6 24. Qxg6+ Ng7 25. Rab1 Qa3 26. Qe4 Kf7 27. Rf3 Bc3 28. Qc2 Rh8 29. Rg3 Bf6 30. Kh2 Qc3 31. Qe4 Bh4 32. Rg2 Rh6 33. Rbg1 Bf6 34. Rc1 Qa3 35. Rcc2 Qa4 36. f5 Rh4 37. Rg4 Be5+ 38. Kg2 Rh5 39. Rf2 Qd1 40. Rd2 Qe1 41. Rf2 Rh8 42. Bxc5 Qxe4+ 43. Rxe4 dxc5 44. Rxe5 Kf6 45. Re4 a5 46. Ref4 Rh5 47. Re2 Rg5+ 48. Kf3 Rg1 49. h4 Rf1+ 50. Ke4 Rc1 51. Kf3 Rf1+ 1/2-1/2

[Event "Mecklenburg VP VL 1213"]
[Site "Mecklenburg VP"]
[Date "2012.11.11"]
[Round "2.6"]
[White "Naujok, Joerg"]
[Black "Kunow, Frank"]
[Result "1/2-1/2"]
[WhiteElo "1924"]
[BlackElo "1885"]
[PlyCount "77"]
[EventDate "2012.10.14"]
[EventType "team-tourn"]
[EventRounds "9"]
[EventCountry "GER"]
[SourceTitle "EXT 2022"]
[Source "ChessBase"]
[SourceDate "2021.10.06"]
[SourceVersion "1"]
[SourceVersionDate "2021.10.06"]
[SourceQuality "1"]
[WhiteTeam "Grevesmuehlen Blau Weiss"]
[BlackTeam "Neubrandenburg SG Eintracht"]
[WhiteTeamCountry "GER"]
[BlackTeamCountry "GER"]

1. Nf3 Nc6 2. g3 e5 3. d3 h6 4. Bg2 d5 5. Nbd2 Nf6 6. e4 Be6 7. c3 dxe4 8. dxe4 Qd3 9. Qe2 0-0-0 10. Qxd3 Rxd3 11. Ke2 Rd8 12. Nh4 g6 13. f4 exf4 14. gxf4 Nh5 15. f5 Nf4+ 16. Kf3 Nxg2 17. Kxg2 gxf5 18. Nxf5 Rg8+ 19. Ng3 h5 20. Nf3 Be7 21. Kf2 h4 22. Ne2 Bh3 23. Nf4 Bg4 24. Be3 f5 25. exf5 Bxf5 26. Rhg1 Be4 27. Rxg8 Rxg8 28. Rg1 Rf8 29. Ke2 Bd6 30. Ng5 Bf5 31. Nf3 Re8 32. Nxh4 Rxe3+ 33. Kxe3 Bc5+ 34. Kf3 Bxg1 35. Nxf5 Bxh2 36. Nd3 Ne5+ 37. Nxe5 Bxe5 38. Ke4 Bh8 39. Kd5 1/2-1/2

[Event "Mecklenburg VP VL 1011"]
[Site "Mecklenburg VP"]
[Date "2011.01.23"]
[Round "6.6"]
[White "Graffenberger, Martin"]
[Black "Naujok, Joerg"]
[Result "1/2-1/2"]
[WhiteElo "1872"]
[BlackElo "1925"]
[PlyCount "57"]
[EventDate "2010.10.10"]
[EventType "team-tourn"]
[EventRounds "9"]
[EventCountry "GER"]
[SourceTitle "EXT 2022"]
[Source "ChessBase"]
[SourceDate "2021.10.06"]
[SourceVersion "1"]
[SourceVersionDate "2021.10.06"]
[SourceQuality "1"]
[WhiteTeam "Greifswald II"]
[BlackTeam "Grevesmuehlen Blau Weiss"]
[WhiteTeamCountry "GER"]
[BlackTeamCountry "GER"]

1. e4 Nf6 2. Nc3 d5 3. exd5 Nxd5 4. Nxd5 Qxd5 5. Qf3 Qe5+ 6. Qe3 Nc6 7. Qxe5 Nxe5 8. d4 Nc6 9. Bb5 Bd7 10. Nf3 a6 11. Ba4 0-0-0 12. Be3 f6 13. h3 Be8 14. 0-0-0 Nxd4 15. Bxe8 Nxf3 16. Rxd8+ Kxd8 17. Bf7 Ng5 18. Rd1+ Kc8 19. Bxg5 fxg5 20. Be6+ Kb8 21. Rd8+ Ka7 22. c3 g6 23. Kc2 Bg7 24. Rxh8 Bxh8 25. Bg8 h6 26. Bf7 Kb6 27. Kd3 Kc5 28. Bxg6 Kd6 29. b3 1/2-1/2

[Event "Mecklenburg VP VL 1011"]
[Site "Mecklenburg VP"]
[Date "2011.01.16"]
[Round "5.5"]
[White "Oldach, Ehrenfried"]
[Black "Naujok, Joerg"]
[Result "0-1"]
[WhiteElo "1986"]
[BlackElo "1925"]
[PlyCount "110"]
[EventDate "2010.10.10"]
[EventType "team-tourn"]
[EventRounds "9"]
[EventCountry "GER"]
[SourceTitle "EXT 2022"]
[Source "ChessBase"]
[SourceDate "2021.10.06"]
[SourceVersion "1"]
[SourceVersionDate "2021.10.06"]
[SourceQuality "1"]
[WhiteTeam "Warnemuende SF Ostsee"]
[BlackTeam "Grevesmuehlen Blau Weiss"]
[WhiteTeamCountry "GER"]
[BlackTeamCountry "GER"]

1. e4 Nf6 2. e5 Nd5 3. d4 d6 4. Nf3 Bg4 5. Be2 e6 6. c4 Nb6 7. 0-0 Nc6 8. exd6 cxd6 9. b3 Be7 10. Be3 0-0 11. Nc3 Bf6 12. Ne4 Rc8 13. Nxf6+ Qxf6 14. Qd2 h6 15. h3 Bh5 16. Rac1 Rfe8 17. Rfd1 d5 18. c5 Nd7 19. b4 a6 20. a4 e5 21. b5 axb5 22. axb5 exd4 23. Nxd4 Nxd4 24. Bxh5 Nb3 25. Qxd5 Nxc1 26. Qxd7 Rcd8 27. Qxb7 Rxd1+ 28. Bxd1 Nd3 29. Qf3 Nxc5 30. Bxc5 Re1+ 31. Kh2 Qe5+ 32. g3 Qxc5 33. Bb3 Re7 34. Kg2 Qxb5 35. Qa8+ Kh7 36. Bc2+ g6 37. Qf3 Qb7 38. h4 Qxf3+ 39. Kxf3 Kg7 40. Bd1 Re1 41. Bb3 Kf6 42. Bd5 Re7 43. Kf4 Ra7 44. g4 Ra4+ 45. Kg3 Rd4 46. Ba2 g5 47. hxg5+ hxg5 48. Kf3 Ke5 49. Kg3 Rf4 50. f3 f6 51. Bb1 Rb4 52. Bf5 Kd4 53. Be4 Ke3 54. Bc6 Rb1 55. Kg2 Kf4 0-1

[Event "Mecklenburg VP VL 1011"]
[Site "Mecklenburg VP"]
[Date "2010.11.14"]
[Round "3.7"]
[White "Jabbusch, Burkhard"]
[Black "Naujok, Joerg"]
[Result "0-1"]
[WhiteElo "1989"]
[BlackElo "1925"]
[PlyCount "82"]
[EventDate "2010.10.10"]
[EventType "team-tourn"]
[EventRounds "9"]
[EventCountry "GER"]
[SourceTitle "EXT 2022"]
[Source "ChessBase"]
[SourceDate "2021.10.06"]
[SourceVersion "1"]
[SourceVersionDate "2021.10.06"]
[SourceQuality "1"]
[WhiteTeam "Stralsund FHSG"]
[BlackTeam "Grevesmuehlen Blau Weiss"]
[WhiteTeamCountry "GER"]
[BlackTeamCountry "GER"]

1. f4 d5 2. d4 Nf6 3. Nf3 Bg4 4. e3 e6 5. Bd3 Bd6 6. 0-0 Nbd7 7. Nbd2 c5 8. c3 Qb6 9. Qe1 cxd4 10. cxd4 0-0 11. Qh4 Bf5 12. Bxf5 exf5 13. Ne5 Bxe5 14. fxe5 Ng4 15. Nf3 Rfc8 16. h3 Nh6 17. Qf4 Nf8 18. Bd2 Ne6 19. Qh4 Rc2 20. Bc3 Rc8 21. Rf2 Rxf2 22. Qxf2 g5 23. Qg3 Qd8 24. Nh2 Kh8 25. Rf1 Qd7 26. Qf3 g4 27. hxg4 Ng5 28. Qf4 Rg8 29. Kh1 Nxg4 30. Nxg4 fxg4 31. Qf6+ Rg7 32. Rc1 Ne4 33. Qf4 g3 34. Be1 Rg4 35. Qf3 h5 36. Kg1 Kg7 37. Rc2 b6 38. b3 a5 39. Kf1 Rg5 40. Kg1 Rf5 41. Qe2 Qe7 0-1

[Event "Mecklenburg VP LL 0910"]
[Site "Mecklenburg VP"]
[Date "2010.03.21"]
[Round "8.4"]
[White "Kohn, Thomas2222"]
[Black "Naujok, Joerg"]
[Result "1/2-1/2"]
[WhiteElo "1922"]
[BlackElo "1939"]
[PlyCount "42"]
[EventDate "2009.10.18"]
[EventType "team-tourn"]
[EventRounds "9"]
[EventCountry "GER"]
[SourceTitle "EXT 2016"]
[Source "ChessBase"]
[SourceDate "2015.10.08"]
[SourceVersion "1"]
[SourceVersionDate "2015.10.08"]
[SourceQuality "1"]
[WhiteTeam "Stralsund FHSG"]
[BlackTeam "Grevesmuehlen Blau Weiss"]
[WhiteTeamCountry "GER"]
[BlackTeamCountry "GER"]

1. Nf3 Nf6 2. d4 g6 3. c4 Bg7 4. Nc3 d6 5. e4 0-0 6. Be2 Nc6 7. 0-0 e5 8. d5 Ne7 9. Ne1 Nd7 10. Be3 f5 11. f3 b6 12. b4 Nf6 13. c5 Nh5 14. Nd3 Nf4 15. Nxf4 exf4 16. Bd4 bxc5 17. bxc5 dxc5 18. Bxg7 Kxg7 19. Qd2 Qd6 20. Nb5 Qe5 21. Qc3 Qxc3 1/2-1/2

[Event "Mecklenburg VP LL2 West 0809"]
[Site "Mecklenburg VP"]
[Date "2009.01.18"]
[Round "5.4"]
[White "Koenig, Bent"]
[Black "Naujok, Joerg"]
[Result "0-1"]
[WhiteElo "1694"]
[BlackElo "1950"]
[PlyCount "78"]
[EventDate "2008.10.05"]
[EventType "team-tourn"]
[EventRounds "9"]
[EventCountry "GER"]
[SourceTitle "EXT 2022"]
[Source "ChessBase"]
[SourceDate "2021.10.06"]
[SourceVersion "1"]
[SourceVersionDate "2021.10.06"]
[SourceQuality "1"]
[WhiteTeam "Schwerin SF II"]
[BlackTeam "Grevesmuehlen Blau Weiss"]
[WhiteTeamCountry "GER"]
[BlackTeamCountry "GER"]

1. e3 Nf6 2. b3 g6 3. Bb2 Bg7 4. c4 b6 5. d4 Bb7 6. Nc3 d6 7. Nf3 Nbd7 8. Bd3 a5 9. Nb5 c6 10. Nc3 0-0 11. e4 e5 12. Ba3 c5 13. d5 Nh5 14. Nb5 Ndf6 15. g3 Ba6 16. Nc3 Qd7 17. h3 Ne8 18. Nh4 Nc7 19. Be2 Nf6 20. Bc1 b5 21. cxb5 Bxb5 22. Ng2 Rfb8 23. g4 a4 24. g5 Bxe2 25. Qxe2 Nh5 26. Nxa4 Nb5 27. Be3 Nf4 28. Qf1 Qd8 29. h4 Na3 30. Rc1 Rxa4 31. bxa4 Qa5+ 32. Bd2 Qxa4 33. f3 Qd4 34. Nxf4 exf4 35. Rh2 Rb2 36. Qf2 Rxd2 37. Qxd2 Qg1+ 38. Ke2 Qxh2+ 39. Kd3 c4+ 0-1

[Event "Mecklenburg VP LL2 West 0708"]
[Site "Mecklenburg VP"]
[Date "2007.12.09"]
[Round "4.1"]
[White "Naujok, Joerg"]
[Black "Laser, Dirk"]
[Result "0-1"]
[WhiteElo "2007"]
[BlackElo "1823"]
[PlyCount "52"]
[EventDate "2007.10.21"]
[EventType "team-tourn"]
[EventRounds "9"]
[EventCountry "GER"]
[SourceTitle "EXT 2016"]
[Source "ChessBase"]
[SourceDate "2015.10.08"]
[SourceVersion "1"]
[SourceVersionDate "2015.10.08"]
[SourceQuality "1"]
[WhiteTeam "Grevesmuehlen Blau Weiss"]
[BlackTeam "Neukloster III"]
[WhiteTeamCountry "GER"]
[BlackTeamCountry "GER"]

1. g3 g6 2. Bg2 Bg7 3. d3 d6 4. c4 e5 5. Nc3 f5 6. e3 Nf6 7. b3 0-0 8. Bb2 Nc6 9. Nge2 Re8 10. a3 h6 11. Qc2 Ne7 12. h3 c6 13. f4 Qc7 14. fxe5 dxe5 15. 0-0-0 Be6 16. d4 exd4 17. exd4 Rad8 18. Rhe1 Bf7 19. Nf4 Nc8 20. d5 Rxe1 21. Rxe1 cxd5 22. Ncxd5 Nxd5 23. Nxd5 Qxg3 24. Bxg7 Qxe1+ 25. Kb2 Kxg7 26. Ka2 Qe5 0-1

[Event "Mecklenburg VP LL2 West 0708"]
[Site "Mecklenburg VP"]
[Date "2007.11.04"]
[Round "2.1"]
[White "Naujok, Joerg"]
[Black "Kupfernagel, Michael"]
[Result "0-1"]
[WhiteElo "2007"]
[BlackElo "1913"]
[PlyCount "74"]
[EventDate "2007.10.21"]
[EventType "team-tourn"]
[EventRounds "9"]
[EventCountry "GER"]
[SourceTitle "EXT 2016"]
[Source "ChessBase"]
[SourceDate "2015.10.08"]
[SourceVersion "1"]
[SourceVersionDate "2015.10.08"]
[SourceQuality "1"]
[WhiteTeam "Grevesmuehlen Blau Weiss"]
[BlackTeam "Schwerin SF II"]
[WhiteTeamCountry "GER"]
[BlackTeamCountry "GER"]

1. d4 Nf6 2. c4 g6 3. Nc3 Bg7 4. e4 d6 5. Nge2 Nc6 6. d5 Nb8 7. Ng3 c6 8. Be2 0-0 9. h4 h5 10. 0-0 Ng4 11. Bxg4 Bxg4 12. f3 Qb6+ 13. Kh2 Bc8 14. Nge2 Nd7 15. Bg5 Nf6 16. Qd2 Kh7 17. Rab1 Qc7 18. b4 a6 19. a4 Bd7 20. Bf4 Ne8 21. Rfd1 c5 22. bxc5 Qxc5 23. Rxb7 Nf6 24. Be3 Qxc4 25. a5 Rfb8 26. Rdb1 Rxb7 27. Rxb7 Rc8 28. Bd4 Rc7 29. Rb6 Ne8 30. Bxg7 Kxg7 31. Qb2 Nf6 32. Rb4 Qc5 33. Qa3 Rb7 34. Na2 Rb5 35. Nd4 Rxa5 36. Qb3 Rxa2 37. Rc4 Qa3 0-1